00979nam a2200253 a 450000100100000000500170001000800410002704000250006808200250009310000290011824501080014725000110025526000540026630000360032049000320035650400740038865000220046265000270048465000200051183000390053104900090057095201290057999900170070800001976820200929170131.0100706s1974 xxuac r 000 0 spa d aDO-SdBNPbspacBNPHU a135.43bS745pr, 19741 aSpencer Lewis, H.94222710aPreguntas y respuestas rosacruces :bcon la historia completa de la orden rosacruz /cH. Spencer Lewis. a7a ed. aCalifornia :bGran Logia Suprema de Amorc,c1974. a246 p. :bil., retrs. ;c20 cm.1 aBiblioteca Rosacruz ;vno.6 aIncluye referencias bibliográficas y notas al pie de las páginas. 4aRosacruces942228 4aParapsicología92394 4aOcultismo92395 0aBiblioteca Rosacruz ;vno.6940635 aBNGR 001054708MOaGRbGRcCTd2010-07-06iLF1l0o135.43 S745pr, 1974p19768-10r2020-06-25w2020-06-25y4ZPréstamo en sala c19282d19282